Pensando ad Annie /

সংরক্ষণ করুন:
গ্রন্থ-পঞ্জীর বিবরন
প্রধান লেখক: Garden, Nancy (লেখক)
অন্যান্য লেখক: Baruffaldi, Marina
বিন্যাস: গ্রন্থ
ভাষা:ইতালিয়
প্রকাশিত: Milano : A. Mondadori, 1996
মালা:Supertrend
ট্যাগগুলো: ট্যাগ যুক্ত করুন
কোনো ট্যাগ নেই, প্রথমজন হিসাবে ট্যাগ করুন!

MARC

LEADER 00000nam a22000007i 4500
001 IT\ICCU\RAV\0271323
003 ItRI
005 20240213193245.0
008 960423s1996 it |||||| ||||| |||||c
020 |a 8804406305 
040 |b ita  |c GP 
041 7 |a ita  |2 ISO-639-2 
082 |a 813.54  |2 20 
100 1 |a Garden, Nancy  |0 IT\ICCU\RAVV\095664  |4 aut 
240 1 0 |a Annie on my mind.  |9 Garden, Nancy 
245 1 0 |a Pensando ad Annie /  |c Nancy Garden ; traduzione di Marina Baruffaldi. 
260 |a Milano :  |b A. Mondadori,  |c 1996 
300 |a 191 p. ;  |c 18 cm. 
700 1 |a Baruffaldi, Marina  |0 IT\ICCU\RAVV\087865 
830 0 |a Supertrend  |0 IT\ICCU\RAV\0220145 
942 |2 ddc  |c BK 
952 |0 0  |1 0  |2 ddc  |4 0  |6 813_540000000000000_GAR  |7 1  |9 657  |a RM  |b RM  |d 2024-02-13  |l 0  |o 813.54 GAR  |p 182  |r 2024-02-13 19:33:26  |w 2024-02-13  |y BK 
981 1 |6 z01  |a i   |b xxxe  
982 1 |6 z01  |a n 
999 |c 612  |d 612